Piłkarze Reprezentacji Gabonu - nagła śmierć (2 życia) - Statystyki

Ogólne statystyki
  • Ten quiz został rozwiązany 21 razy
    20 od ostatniego zresetowania
  • Średni wynik to 5 z 11
Answers on the Grid
Answers color-coded by a green-red scale on the quiz's grid according to % correct below.
Geoffrey Sserunkuma
Pierre-Emerick Aubameyang
Junior Kabananga
Jim Allevinah
Yves Bissouma
Denis Bouanga
Mario Lemina
Emilio Nsue
André Biyogo Poko
Guélor Kanga
Marvin Baudry
Aaron Appindangoyé
Lloyd Palun
Frank Acheampong
Bruno Ecuele Manga
Jacques Ekomié
Wilfried Kanga
Shavy Babicka
 
Statystyki odpowiedzi
Odpowiedź % Poprawnych
Pierre-Emerick Aubameyang
94%
Denis Bouanga
71%
Mario Lemina
71%
Aaron Appindangoyé
53%
Bruno Ecuele Manga
41%
Guélor Kanga
41%
Jim Allevinah
41%
Shavy Babicka
35%
Jacques Ekomié
29%
André Biyogo Poko
24%
Lloyd Palun
24%
Nie znaleziono quizów pasujących do podanych kryteriów
Rozkład punktacji
Procent ludzi z każdym wynikiem
Percentyl według liczby udzielonych odpowiedzi
Twoja historia wyników
Nie rozwiązałeś tego quizu od ostatniego zresetowania